ওয়ান হানড্রেড ইয়ারস অব সলিচিউড / (Record no. 31021)

MARC details
000 -LEADER
fixed length control field 00844nam a22001937a 4500
003 - CONTROL NUMBER IDENTIFIER
control field BDDh-ASL
005 - DATE AND TIME OF LATEST TRANSACTION
control field 20231015031224.0
008 - FIXED-LENGTH DATA ELEMENTS--GENERAL INFORMATION
fixed length control field 230312s2001 b ||||| |||| 00| 0 b d
040 ## - CATALOGING SOURCE
Transcribing agency BDDh-ASL
041 ## - LANGUAGE CODE
Language code of text/sound track or separate title bengali
082 ## - DEWEY DECIMAL CLASSIFICATION NUMBER
Classification number 954
Item number MAO
100 1# - MAIN ENTRY--PERSONAL NAME
Personal name মারকেজ, গ্যাবরিয়েল গারসিয়া
9 (RLIN) 7500
245 00 - TITLE STATEMENT
Title ওয়ান হানড্রেড ইয়ারস অব সলিচিউড /
Statement of responsibility, etc. শাহাবুদ্দিন ভুইয়া (ভাষান্তর) ।
260 ## - PUBLICATION, DISTRIBUTION, ETC.
Place of publication, distribution, etc. ঢাকা:
Name of publisher, distributor, etc. জোনাকী প্রকাশনী,
Date of publication, distribution, etc. ২০০১।
300 ## - PHYSICAL DESCRIPTION
Extent ২৯৫ পৃষ্ঠা:
Dimensions ২২ সে.মি.
650 #0 - SUBJECT ADDED ENTRY--TOPICAL TERM
Topical term or geographic name entry element History (ইতিহাস)
9 (RLIN) 4586
700 1# - ADDED ENTRY--PERSONAL NAME
Personal name ভুইয়া, শাহাবুদ্দিন
9 (RLIN) 7501
942 ## - ADDED ENTRY ELEMENTS (KOHA)
Source of classification or shelving scheme Dewey Decimal Classification
Koha item type Books
Holdings
Withdrawn status Lost status Source of classification or shelving scheme Damaged status Not for loan Collection code Home library Current library Shelving location Date acquired Source of acquisition Total Checkouts Full call number Barcode Date last seen Copy number Price effective from Koha item type
    Dewey Decimal Classification     Non-fiction Asiatic Society Library Asiatic Society Library Wakil Ahmed Collection 03/12/2023 Donated by Prof. Wakil Ahmed   954 MAO 119591 03/12/2023 C-1 03/12/2023 Books

Powered by Koha